Candidats de Koh-Lanta : les chasseurs d'immunité - Statistiques

Statistiques générales
  • Ce quiz a été pris 175 fois
  • Le résultat moyen est 16 sur 22
Statistiques - réponses
Tribu Prénom % Correct
Matukad Léa
98%
Kadasi Léa
98%
Kadasi Amri
89%
Kadasi Pauline
87%
Matukad Méïssa
83%
Matukad Julie
79%
Matukad Mégane
79%
Matukad Ricky
79%
Kadasi Sébastien
79%
Matukad Jean
78%
Kadasi Océane
77%
Kadasi Aurélien
71%
Kadasi Sarah
70%
Matukad Cécile
69%
Matukad David
69%
Kadasi William
69%
Matukad Emilie
61%
Kadasi Alexis
60%
Kadasi Steve
60%
Matukad Maxime
59%
Matukad Alicia
58%
Kadasi Nathalie
51%
Aucun quiz correspondant
Distribution des résultats
% des personnes avec chaque résultat
Percentile par nombre de réponses
Votre historique - résultats
Vous n’avez pas pris ce quiz